[Event "South African op"]
[Site "Cape Town"]
[Date "2022.07.16"]
[Round "10"]
[White "Selkirk, Rebecca"]
[Black "Makhetha, Tshepo"]
[Result "1/2-1/2"]
[WhiteElo "1745"]
[BlackElo "1494"]
[PlyCount "91"]
[EventDate "2022.07.09"]
[EventType "swiss"]
[EventRounds "11"]
[EventCountry "RSA"]
[SourceTitle "CBM 209 Extra"]
[Source "ChessBase"]
[SourceDate "2022.09.30"]
[SourceVersion "1"]
[SourceVersionDate "2022.09.30"]
[SourceQuality "1"]

1. e4 c5 2. Nf3 e6 3. d4 cxd4 4. Nxd4 Nf6 5. Nc3 d6 6. g4 a6 7. g5 Nfd7 8. h4 Nc6 9. Be3 Nxd4 10. Bxd4 b5 11. Bg2 Bb7 12. Qg4 Ne5 13. Qg3 Qc7 14. a3 Nc4 15. Ne2 e5 16. Bc3 Be7 17. f4 f6 18. h5 Qc5 19. 0-0-0 Qe3+ 20. Bd2 Qxg3 21. Nxg3 Nxd2 22. Rxd2 exf4 23. gxf6 fxg3 24. fxe7 Kxe7 25. Rh3 Rhf8 26. Rxg3 Rf7 27. Rgd3 Rd8 28. b3 Ke6 29. e5 Bxg2 30. Rxg2 d5 31. Rc3 Rdd7 32. Rc6+ Kxe5 33. Rxa6 Rf5 34. Re2+ Kf4 35. Rf2+ Kg4 36. Rxf5 Kxf5 37. Rb6 g5 38. hxg6 hxg6 39. Rxb5 g5 40. c4 g4 41. Kd2 g3 42. Ke2 Kg4 43. Rxd5 Re7+ 44. Kf1 Re3 45. Rb5 Kf3 46. Rf5+ 1/2-1/2

[Event "South African op"]
[Site "Cape Town"]
[Date "2022.07.13"]
[Round "7"]
[White "Bouah, Denise"]
[Black "Makhetha, Tshepo"]
[Result "1-0"]
[WhiteElo "1736"]
[BlackElo "1494"]
[PlyCount "127"]
[EventDate "2022.07.09"]
[EventType "swiss"]
[EventRounds "11"]
[EventCountry "RSA"]
[SourceTitle "CBM 209 Extra"]
[Source "ChessBase"]
[SourceDate "2022.09.30"]
[SourceVersion "1"]
[SourceVersionDate "2022.09.30"]
[SourceQuality "1"]

1. e4 c5 2. d3 Nc6 3. g3 Nf6 4. Bg2 e6 5. Nd2 Be7 6. f4 d6 7. Ngf3 Qc7 8. c3 a6 9. 0-0 b5 10. Re1 Bb7 11. Nf1 Nd7 12. Be3 Rd8 13. Bf2 Nb6 14. Rc1 Bf6 15. g4 h6 16. Ng3 e5 17. Nh5 Qe7 18. Nxf6+ gxf6 19. f5 d5 20. Qe2 d4 21. cxd4 cxd4 22. Nd2 Na4 23. Nf1 Kd7 24. Ng3 Rdg8 25. Nh5 Rg5 26. Bh4 Rhg8 27. Bxg5 hxg5 28. Bf1 Qd6 29. Qd2 Ke7 30. Be2 Rh8 31. Bd1 Nb6 32. a3 Na8 33. Bb3 Nc7 34. Rc2 a5 35. Rec1 Rc8 36. Rc5 a4 37. Ba2 Nd8 38. Qc2 Kd7 39. Nxf6+ Qxf6 40. Rxc7+ Rxc7 41. Qxc7+ Ke8 42. Rc5 Kf8 43. Rxb5 Qe7 44. Qxe7+ Kxe7 45. Rxe5+ Kd6 46. Re8 Kd7 47. Rg8 f6 48. Rg7+ Kd6 49. Be6 Bc6 50. Rg8 Nxe6 51. fxe6 Kxe6 52. Kf2 Ke5 53. Rb8 Kf4 54. h3 Ke5 55. Rb4 Bd7 56. b3 axb3 57. Rxb3 Ba4 58. Rb4 Bc2 59. Ke2 Kf4 60. Kd2 Kg3 61. Kxc2 Kxh3 62. Rxd4 Kxg4 63. Rd8 Kf4 64. a4 1-0

[Event "South African op"]
[Site "Cape Town"]
[Date "2022.07.11"]
[Round "5"]
[White "Brander, Waylon"]
[Black "Makhetha, Tshepo"]
[Result "1-0"]
[WhiteElo "1723"]
[BlackElo "1494"]
[PlyCount "101"]
[EventDate "2022.07.09"]
[EventType "swiss"]
[EventRounds "11"]
[EventCountry "RSA"]
[SourceTitle "CBM 209 Extra"]
[Source "ChessBase"]
[SourceDate "2022.09.30"]
[SourceVersion "1"]
[SourceVersionDate "2022.09.30"]
[SourceQuality "1"]

1. d4 Nf6 2. c4 e6 3. Nf3 Bb4+ 4. Bd2 Qe7 5. g3 0-0 6. Bg2 Nc6 7. Nc3 d6 8. 0-0 a5 9. a3 Bxc3 10. Bxc3 Ne4 11. Qd3 Nxc3 12. Qxc3 e5 13. d5 Nb8 14. b4 Nd7 15. Nd2 f5 16. e3 b6 17. f4 e4 18. Nb3 a4 19. Nd4 Nf6 20. Rac1 Bd7 21. Rfd1 Qf7 22. Qd2 Rab8 23. Qe2 b5 24. cxb5 Nxd5 25. Bf1 Rb7 26. Qd2 Nb6 27. Rc3 Ra8 28. Rdc1 Raa7 29. R1c2 Kf8 30. Qc1 Be8 31. g4 fxg4 32. Qe1 Qf6 33. Bg2 d5 34. Rc5 Bf7 35. Nc6 Nc4 36. Nxa7 Rxa7 37. Qc3 Ke7 38. Bf1 Qxc3 39. Rxc3 Rb7 40. Bxc4 dxc4 41. Rc2 g6 42. Rd2 Be6 43. Rd4 Kf6 44. Rxe4 Bd7 45. Rexc4 Bxb5 46. Rxc7 Rb6 47. R4c5 h5 48. e4 h4 49. Kf2 Ke6 50. Rg5 Kf6 51. e5+ 1-0

[Event "South African op"]
[Site "Cape Town"]
[Date "2022.07.10"]
[Round "3"]
[White "Samuels, Ethan"]
[Black "Makhetha, Tshepo"]
[Result "1-0"]
[WhiteElo "1916"]
[BlackElo "1494"]
[PlyCount "105"]
[EventDate "2022.07.09"]
[EventType "swiss"]
[EventRounds "11"]
[EventCountry "RSA"]
[SourceTitle "CBM 209 Extra"]
[Source "ChessBase"]
[SourceDate "2022.09.30"]
[SourceVersion "1"]
[SourceVersionDate "2022.09.30"]
[SourceQuality "1"]

1. d4 Nf6 2. Bf4 d5 3. e3 c5 4. Nf3 Nc6 5. Nbd2 Bg4 6. c3 e6 7. Qa4 Nd7 8. Bb5 Qc8 9. Ne5 Ncxe5 10. Bxe5 a6 11. Bxd7+ Qxd7 12. Qxd7+ Kxd7 13. 0-0 Bd6 14. Bxd6 Kxd6 15. f3 Bh5 16. dxc5+ Kxc5 17. b4+ Kc6 18. c4 b6 19. Rac1 Kd7 20. Rfd1 Rhc8 21. cxd5 Rxc1 22. dxe6+ fxe6 23. Rxc1 Rc8 24. Rxc8 Kxc8 25. e4 Kc7 26. Nb1 b5 27. e5 Bg6 28. Nc3 Bd3 29. Kf2 a5 30. a3 axb4 31. axb4 g5 32. Ke3 Bc4 33. Ne4 h6 34. g4 Kd8 35. Nd6 Bf1 36. Nf7+ Ke7 37. Nxh6 Kf8 38. f4 Kg7 39. fxg5 Bh3 40. Kf4 Kf8 41. Kg3 Bf1 42. h4 Kg7 43. Kf4 Bd3 44. Ke3 Bc2 45. Kd4 Bb1 46. h5 Bc2 47. Kc5 Bd3 48. Kd6 Bc4 49. Ke7 Bb3 50. Nf5+ Kg8 51. Nd4 Bd1 52. h6 Bxg4 53. Nxb5 1-0

[Event "South African op"]
[Site "Cape Town"]
[Date "2022.07.09"]
[Round "1"]
[White "De Villiers, Ockert Almaro"]
[Black "Makhetha, Tshepo"]
[Result "0-1"]
[WhiteElo "1583"]
[BlackElo "1494"]
[PlyCount "74"]
[EventDate "2022.07.09"]
[EventType "swiss"]
[EventRounds "11"]
[EventCountry "RSA"]
[SourceTitle "CBM 209 Extra"]
[Source "ChessBase"]
[SourceDate "2022.09.30"]
[SourceVersion "1"]
[SourceVersionDate "2022.09.30"]
[SourceQuality "1"]

1. d4 Nf6 2. c4 e6 3. Nc3 d5 4. Bg5 Be7 5. e3 Nbd7 6. Qc2 h6 7. Bh4 c6 8. cxd5 Nxd5 9. Bg3 a6 10. Nxd5 exd5 11. Ne2 Nf6 12. Nc3 Qa5 13. Bd3 0-0 14. 0-0 Re8 15. f3 c5 16. Rae1 Bd7 17. Be5 Rac8 18. Bxf6 Bxf6 19. Nxd5 Bxd4 20. Qf2 c4 21. Be4 Be5 22. Qh4 Kf8 23. f4 Bxb2 24. f5 f6 25. Rb1 Bc6 26. Rfd1 Bxd5 27. Rxd5 Qb6 28. Kf2 c3 29. Rd7 Re7 30. Rxe7 Kxe7 31. Qg3 Kf8 32. Qg6 Qd8 33. Qh7 Kf7 34. Bf3 c2 35. Bh5+ Ke7 36. Qxg7+ Kd6 37. Qg3+ Be5 0-1